000 00476nam a22001697a 4500
003 OSt
005 20221007211333.0
008 221007b |||||||| |||| 00| 0 eng d
020 _a84-96008-30-4
040 _cBiblioteca Lado V
082 _a731.4
_bB712l
100 _9138
_aBonet, Juan Manuel
_etextos
245 _aLeiro/
260 _aMadrid
_bMinisterio de Asuntos Exteriores
_c2003
300 _a119p.
_c29x28cm
942 _2ddc
_c1
_h731.4
_iB712l
_n0
999 _c2256
_d2256